|
|
|
|
| LEADER |
00000nas a2200000 4500 |
| 001 |
vtls012286578 |
| 003 |
SK-MaSNL |
| 005 |
20260228155632.0 |
| 008 |
251105d18771914xo ar 0 b0hun |
| 040 |
|
|
|a SNK
|b slo
|c SNK
|e rda
|
| 041 |
0 |
|
|a hun
|
| 043 |
|
|
|a e-xo---
|
| 044 |
|
|
|a xo
|c SK
|
| 072 |
|
7 |
|a 37
|x Výchova a vzdelávanie
|2 konspekt
|
| 080 |
|
|
|a 373/378.018.56
|2 2011
|
| 080 |
|
|
|a 37.018.56
|2 2011
|
| 080 |
|
|
|a 373.3
|2 2011
|
| 080 |
|
|
|a 272/279
|2 2011
|
| 080 |
|
|
|a (437.614)
|2 2011
|
| 080 |
|
|
|a (058)
|2 2011
|
| 245 |
0 |
0 |
|a Értesitvény a rév-komáromi római kath. elemi fiiskoláról az ... év végén
|
| 264 |
|
3 |
|a Komárom
|b Ziegler Károly Könyvnyomdájából
|c [1878-1914]
|
| 300 |
|
|
|a 37 zväzkov
|c 21 cm
|
| 310 |
|
|
|a 1x ročne
|
| 336 |
|
|
|a text
|b txt
|2 rdacontent
|
| 337 |
|
|
|a bez média
|b n
|2 rdamedia
|
| 338 |
|
|
|a zväzok
|b nc
|2 rdacarrier
|
| 362 |
0 |
|
|a [1877/78-1913/14]
|z OSZK
|
| 500 |
|
|
|a Súčasťou názvu je označenie školského roku
|
| 588 |
|
|
|a Popis podľa: Školský rok 1878/79
|
| 610 |
2 |
7 |
|a Rímskokatolícka cirkev
|2 SNKKA
|9 32394
|
| 650 |
0 |
7 |
|a cirkevné školy
|2 SNKPH
|9 4074
|
| 650 |
0 |
7 |
|a základné školy
|2 SNKPH
|9 1280
|
| 650 |
0 |
7 |
|a Elementary schools
|2 SNKPHeng
|9 265049
|
| 650 |
0 |
7 |
|a Church schools
|2 SNKPHeng
|9 265050
|
| 651 |
|
7 |
|a Komárno (Slovensko)
|2 SNKPHgeo
|9 39168
|
| 651 |
|
7 |
|a Komárno (Slovakia)
|2 SNKPHeng
|9 265051
|
| 655 |
|
7 |
|a ročenky
|2 SNKPH
|9 57146
|
| 655 |
|
7 |
|a Yearbooks
|2 SNKPHeng
|9 120938
|
| 752 |
|
|
|a Slovensko
|d Komárno
|
| 999 |
|
|
|c 30
|d 30
|
| 952 |
|
|
|0 0
|1 0
|4 0
|7 0
|8 5
|a SNK
|b SNK
|d 2025-11-05
|i snkF 816/71
|l 0
|o snkČSC 1902/1877-1878
|p 17A0898512
|r 2026-02-21 19:42:02
|w 2026-02-21
|y PREZ
|
| 952 |
|
|
|0 0
|1 0
|4 0
|7 0
|8 5
|a SNK
|b SNK
|d 2025-11-05
|i snkF 817/71
|l 0
|o snkČSC 1902/1878-1879
|p 17A0898511
|r 2026-02-21 19:42:02
|w 2026-02-21
|y PREZ
|